Child Psychology: Growth trends in psychological adjustment (Record no. 41199)

MARC details
000 -LEADER
fixed length control field 00407nam a2200145Ia 4500
005 - DATE AND TIME OF LATEST TRANSACTION
control field 20240821151716.0
008 - FIXED-LENGTH DATA ELEMENTS--GENERAL INFORMATION
fixed length control field 240821s9999||||xx |||||||||||||| ||und||
082 ## - DEWEY DECIMAL CLASSIFICATION NUMBER
Classification number 155.4 THO
100 ## - MAIN ENTRY--PERSONAL NAME
Personal name Thompson, George G.
245 #0 - TITLE STATEMENT
Title Child Psychology: Growth trends in psychological adjustment
260 ## - PUBLICATION, DISTRIBUTION, ETC.
Place of publication, distribution, etc. Boston
Name of publisher, distributor, etc. Houghton Mifflin Co.
Date of publication, distribution, etc. 1952
300 ## - PHYSICAL DESCRIPTION
Extent xxxiii,667p.
650 ## - SUBJECT ADDED ENTRY--TOPICAL TERM
Topical term or geographic name entry element Psychology-child
942 ## - ADDED ENTRY ELEMENTS (KOHA)
Koha item type Book
Holdings
Withdrawn status Lost status Damaged status Not for loan Home library Current library Date acquired Total checkouts Barcode Date last seen Price effective from Koha item type
        Library and Documentation Division NCERT Library and Documentation Division NCERT 08/21/2024   22346 08/21/2024 08/21/2024 Book